000 00424nam a2200157Ia 4500
008 231217s9999 xx 000 0 und d
020 _a8178812339
041 _aEnglish
082 _a658.4012 KAR;1 R
100 _aKarunakar, B ed.
245 0 _aBalanced scorecard : concepts and experiences
260 _c2003
_bIcfai
_aHyderabad
300 _avi, 208+A10
650 _aBalanced,scorecard,experiences
942 _cAA
999 _c188489
_d188489